Formula 1 Driver Transfers Hard - Statistics

General Stats
  • This quiz has been taken 25 times
  • The average score is 16 of 19
Answer Stats
Hint Answer % Correct
ManorForce India Racing Point Renault Alpine Ocon
100%
Mclaren* Piastri/Norris
100%
MinardiRenault Mclaren Renault Ferrari Mclaren Alpine Alonso
94%
Torro Rosso RedBull Torro Rosso AlphaTauri Gasly
94%
Racing Bulls* Hadjar
94%
WilliamsForce India Sauber Force India Renault Racing Point Aston Martin Haas Hülkenberg
94%
Torro RossoRenault Mclaren Ferrari Sainz
94%
Mercedes* Antonelli
89%
Sauber* Bortoleto
89%
Alpine* Doohan
89%
AlphaTauriRacing Bulls RedBull Lawson
89%
AlphaTauriRacing Bulls Tsunoda
89%
MclarenMercedes Hamilton
83%
WilliamsRacing Point Stroll
83%
Ferrari Bearman
67%
Williams Russell/Colapinto
67%
Torro RossoRedBull Albon
61%
Sauber Leclerc
56%
Torro Rosso Verstappen
50%
No matching quizzes found
Score Distribution
Percent of People with Each Score
Percentile by Number Answered
Your Score History
You have not taken this quiz